书目信息 |
| 题名: |
新中国社会主义60年
|
|
| 作者: | 谢春涛 著 | |
| 分册: | ||
| 出版信息: | 郑州 河南人民出版社 2009.09 |
|
| 页数: | 30页 | |
| 开本: | 20cm | |
| 丛书名: | ||
| 单 册: | ||
| 中图分类: | D619 | |
| 科图分类: | ||
| 主题词: | 政治--中国 | |
| 电子资源: | ||
| ISBN: | 7-215-06846-3 | |
| 000 | 00552nam0 2200193 450 | |
| 001 | 1842431935 | |
| 005 | 20181219114713.16 | |
| 010 | @a7-215-06846-3@dCNY1.50 | |
| 100 | @a20181219d2009 km y0chiy0120 ea | |
| 101 | 0 | @achi |
| 102 | @aCN@b410000 | |
| 200 | 1 | @a新中国社会主义60年@Axin zhong guo she hui zhu yi 60 nian@f谢春涛著@Fxie chun tao zhu |
| 210 | @a郑州@c河南人民出版社@d2009.09 | |
| 215 | @a30页@d20cm | |
| 606 | 0 | @a政治@x中国 |
| 690 | @aD619@v4 | |
| 701 | 0 | @a谢春涛@Axie chun tao@4著 |
| 801 | 0 | @aCN@bMUSE@c20181219 |
| 905 | @aMUSE@dD619@eX426 | |
| 新中国社会主义60年/谢春涛著.-郑州:河南人民出版社,2009.09 |
| 30页;20cm |
| ISBN 7-215-06846-3:CNY1.50 |
| ● |
| 相关链接 |
|
|
|
正题名:新中国社会主义60年
索取号:D619/X426
 
预约/预借
| 序号 | 登录号 | 条形码 | 馆藏地/架位号 | 状态 | 备注 |
| 1 | 1300833 | 213008332 | 社科库509/509社科库 72排6列4层/ [索取号:D619/X426] | 在馆 |